000 00523nam a22001457a 4500
999 _c63588
_d63588
003 Ge_BSU
005 20251110141222.0
008 251110r2025 ge ||||| |||| 00| 0 geo d
022 _a01321447
041 _ageo
245 _aმოამბე = Bulletin :
_b2025 /
_cრედ. როინ მეტრეველი; საქართველოს მეცნიერებათა ეროვნული აკადემია.
260 _aთბილისი,
_c2025.
300 _aV.
942 _2udc
_cCR